000 00321nam a22001457a 4500
003 SGT
020 _a978-981-4368-66-7
082 _a615
_bLIA
100 _aLIANG, XING-JIE
245 _aNANOPHARMACEUTICS
260 _aUSA
_bWORLD SCIENTIFIC
_c2013
300 _a594
650 _aNANOPHARMACEUTICS
942 _2ddc
_cBK
999 _c33086
_d33086